Number theory (Record no. 10093)
[ view plain ]
| 000 -LEADER | |
|---|---|
| fixed length control field | 01475nam a2200337 a 4500 |
| 001 - CONTROL NUMBER | |
| control field | ebr10691871 |
| 003 - CONTROL NUMBER IDENTIFIER | |
| control field | CaPaEBR |
| 006 - FIXED-LENGTH DATA ELEMENTS--ADDITIONAL MATERIAL CHARACTERISTICS--GENERAL INFORMATION | |
| fixed length control field | m u |
| 007 - PHYSICAL DESCRIPTION FIXED FIELD--GENERAL INFORMATION | |
| fixed length control field | cr cn||||||||| |
| 008 - FIXED-LENGTH DATA ELEMENTS--GENERAL INFORMATION | |
| fixed length control field | 130507s2013 si a sb 101 0 eng d |
| 020 ## - INTERNATIONAL STANDARD BOOK NUMBER | |
| Cancelled/invalid ISBN | 9789814452441 |
| Cancelled/invalid ISBN | 9789814452458 (e-book) |
| 040 ## - CATALOGING SOURCE | |
| Original cataloging agency | CaPaEBR |
| Transcribing agency | CaPaEBR |
| 035 ## - SYSTEM CONTROL NUMBER | |
| System control number | (OCoLC)844310973 |
| 050 14 - LIBRARY OF CONGRESS CALL NUMBER | |
| Classification number | QA241 |
| Item number | .C45 2011eb |
| 111 2# - MAIN ENTRY--MEETING NAME | |
| Meeting name or jurisdiction name as entry element | China-Japan Seminar |
| Number of part/section/meeting | (6th : |
| Date of meeting | 2011 : |
| Location of meeting | Shanghai, China) |
| 245 10 - TITLE STATEMENT | |
| Title | Number theory |
| Medium | [electronic resource] : |
| Remainder of title | arithmetic in Shangri-La : proceedings of the 6th China-Japan Seminar, Shanghai, China, 15-17 August 2011 / |
| Statement of responsibility, etc | editors, Shigeru Kanemitsu, Hongze Li, Jianya Liu. |
| 260 ## - PUBLICATION, DISTRIBUTION, ETC. (IMPRINT) | |
| Place of publication, distribution, etc | Singapore : |
| Name of publisher, distributor, etc | World Scientific Pub. Co., |
| Date of publication, distribution, etc | 2013. |
| 300 ## - PHYSICAL DESCRIPTION | |
| Extent | xii, 260 p. : |
| Other physical details | ill. |
| 490 1# - SERIES STATEMENT | |
| Series statement | Series on number theory and its applications ; |
| Volume number/sequential designation | v. 8 |
| 504 ## - BIBLIOGRAPHY, ETC. NOTE | |
| Bibliography, etc | Includes bibliographical references and index. |
| 533 ## - REPRODUCTION NOTE | |
| Type of reproduction | Electronic reproduction. |
| Place of reproduction | Palo Alto, Calif. : |
| Agency responsible for reproduction | ebrary, |
| Date of reproduction | 2013. |
| Note about reproduction | Available via World Wide Web. |
| -- | Access may be limited to ebrary affiliated libraries. |
| 650 #0 - SUBJECT ADDED ENTRY--TOPICAL TERM | |
| Topical term or geographic name as entry element | Number theory |
| Form subdivision | Congresses. |
| 655 #7 - INDEX TERM--GENRE/FORM | |
| Genre/form data or focus term | Electronic books. |
| Source of term | local |
| 700 1# - ADDED ENTRY--PERSONAL NAME | |
| Personal name | Kanemitsu, Shigeru. |
| Personal name | Li, Hongze. |
| Personal name | Liu, Jianya. |
| 710 2# - ADDED ENTRY--CORPORATE NAME | |
| Corporate name or jurisdiction name as entry element | ebrary, Inc. |
| 830 #0 - SERIES ADDED ENTRY--UNIFORM TITLE | |
| Uniform title | Series on number theory and its applications ; |
| Volume number/sequential designation | v. 8. |
| 856 40 - ELECTRONIC LOCATION AND ACCESS | |
| Uniform Resource Identifier | <a href="http://site.ebrary.com/lib/rucke/Doc?id=10691871">http://site.ebrary.com/lib/rucke/Doc?id=10691871</a> |
| Public note | An electronic book accessible through the World Wide Web; click to view |
No items available.
